| 000 | 00412nam a22001577a 4500 | ||
|---|---|---|---|
| 020 | _a9789332559592 | ||
| 040 | _cNUST | ||
| 082 | _a005.133-C++ DEI | ||
| 100 | _aDeitel, Paul | ||
| 110 |
_aDeitel, Harvey _991707 |
||
| 245 |
_aC++ : _bHow to Program |
||
| 250 | _a9TH EDITION | ||
| 260 |
_aNEW DELHI: _bPEARSON EDUCATION, _c2016. |
||
| 650 |
_aDME TEXTBOOK.C++ HOW TO PROGRAM _991757 |
||
| 942 |
_2ddc _cTEXT |
||
| 999 |
_c589864 _d589864 |
||